Smart antenna engineering (Record no. 8191)

000 -LEADER
fixed length control field 00453 a2200157 4500
020 ## - INTERNATIONAL STANDARD BOOK NUMBER
International Standard Book Number 1580535151
040 ## - CATALOGING SOURCE
Original cataloging agency DLC
Language of cataloging DLC
082 00 - DEWEY DECIMAL CLASSIFICATION NUMBER
Classification number 621.3824
100 1# - MAIN ENTRY--PERSONAL NAME
Personal name El Zooghby, Ahmed.
245 10 - TITLE STATEMENT
Title Smart antenna engineering
Statement of responsibility, etc. Ahmed El Zooghby.
260 ## - PUBLICATION, DISTRIBUTION, ETC.
Place of publication, distribution, etc. Boston :
Name of publisher, distributor, etc. Artech House,
Date of publication, distribution, etc. c2005.
300 ## - PHYSICAL DESCRIPTION
Extent xvii, 324 p. :
Other physical details ill. ;
Dimensions 24 cm.
440 #0 - SERIES STATEMENT/ADDED ENTRY--TITLE
Title Artech House mobile communications series
650 #0 - SUBJECT ADDED ENTRY--TOPICAL TERM
Topical term or geographic name entry element Adaptive antennas.
942 ## - ADDED ENTRY ELEMENTS (KOHA)
Koha item type Book
Call number prefix 621.3824 ELZ
Source of classification or shelving scheme
Holdings
Withdrawn status Lost status Damaged status Not for loan Collection code Permanent Location Current Location Shelving location Date acquired Source of acquisition Cost, normal purchase price Total Checkouts Total Renewals Full call number Barcode Checked out Date last seen Price effective from Koha item type
          Central Library (CL) Central Library (CL) General Stacks 09/22/2007 A & J Def Tek Concultants 9253.18   1 621.3824 ELZ SEECS008614 04/04/2020 11/14/2012 01/05/2017 Book
          Central Library (CL) Central Library (CL) General Stacks 10/24/2005 A & J Def Tek Concultants 7805.83     621.3824 ELZ SEECS006595   11/14/2012 01/05/2017 Book
© 2023 Central Library, National University of Sciences and Technology. All Rights Reserved.